000 01071nam a22002177a 4500
999 _c22245
_d22245
003 AR-CdUCM
008 190425b ||||| |||| 00| 0 spa d
040 _aMUNICIPALIDAD PROVINCIAL DEL CUSCO
_cBIBLIOTECA MUNICIPAL DEL CUSCO
082 _aNueva/N°3/1997
245 _aNueva imagen :
_brevista informativa /
_cConcha Rivera, Eddie, Director
260 _aCusco.
_bSanta Magdalena,
_c1997.
300 _a31 páginas. :
_bilustraciones ;
_c28 cm.
440 _aNueva imagen.
_nAño 1, N°3, junio julio 1997.
_947744
505 _aContenido: Edición especial en homenaje a Cusco. -- El Inti Raymi en los tiempos de los incas. -- Desarrollo industrial en la región inka. -- Balcones del Cusco. -- Génesis y escenario del Huayno. -- Los problemas del niño. -- Culturales. Adolfo Sardón. -- Culturales Mariela Bravo Salas. Los Santos de nuestros medios. ...
650 _aArte contemporáneo
_913631
650 _aArquitectura cusqueña
_930237
650 _aFolklore cusqueño
_98693
700 _aMalpartida Barral, Zoila
_947745
942 _2ddc
_cPP
945 _arac